| 000 | 01216cam a2200265 4500 | ||
|---|---|---|---|
| 008 | 030120n2003 000 0 eng u | ||
| 020 | _a184318075X | ||
| 022 | _a1464-651X | ||
| 035 | _a(Sirsi) u121073 | ||
| 050 |
_a650.14 _c18 |
||
| 245 | _aTarget quantity surveying and commercial management 2003 | ||
| 250 | _a15th ed. | ||
| 260 | _aWallingford : GTI Specialist Publishers, 2003 | ||
| 300 | _a56p. $3 0cm. | ||
| 350 | _a7.95 | ||
| 520 | _aGives careers advice to graduates seeking jobs in the construction and building services sector. Includes tables of potential employers to approach, and discusses what employers are looking for in their graduates. Provides an insight into the different sectors of the industry, offers guidance on writing applications, and looks at postgraduate options. Further information and guidance is available on the doctorjob.com website. | ||
| 650 | _aCAREERS GUIDANCE | ||
| 650 |
_aCONSTRUCTION MANAGEMENT _96230 |
||
| 650 | _aGRADUATES | ||
| 650 |
_aQuantity surveying _96263 |
||
| 690 | _aEDUCATION-CAREERS | ||
| 700 |
_aNickels, Liz _xEditor |
||
| 856 |
_uhttps://www.doctorjob.com/construction _zView the doctorjob.com construction website... |
||
| 942 | _n0 | ||
| 999 |
_c102624 _d102624 |
||